00288nam a2200121Ia 450000500170000000800410001708200130005810000200007124500310009126000220012230000120014465000100015620250406065704.0240331s9999 xx 000 0 und d bSELa894 aSelvarajah, B.A 0aKaviri muthal maveli varai aHattonbBaic1995 a28 p ., aPoems